000 00450nam a2200157 i 4500
001 68182
003 ES-MaACL
005 20230906170223.0
007 t|
008 040610s1968 sp ||||1| spa d
100 1 _aGarcés, Fernando.
_953965
245 1 0 _aMarketing de Alcalá de Henares
_b: 1968-69 /
_cF. Garcés.
260 _a[Madrid? :
_bs.n.,
_c1968]
300 _aXIX, 216 p., 2 p. de lám. ;
_c34 cm.
852 _aES-MaACL
_jC-35715
_bR.68902
999 _c68182
_d68182